| 000 -LEADER |
| fixed length control field |
00531nam a22001097a 4500 |
| 008 - FIXED-LENGTH DATA ELEMENTS--GENERAL INFORMATION |
| fixed length control field |
170612b xxu||||| |||| 00| 0 eng d |
| 100 ## - MAIN ENTRY--AUTHOR'S NAME |
| Author's Name |
Barefoot, J. |
| 245 ## - TITLE STATEMENT |
| Title |
Denmark numeral cancels |
| 260 ## - PUBLICATION, DISTRIBUTION, ETC. (IMPRINT) |
| Place of publication, distribution, etc. |
York, England |
| Name of publisher, distributor, etc. |
J. Barefoot |
| Date of publication, distribution, etc. |
1983 |
| 650 ## - TOPICAL TERM (Tag) |
| Topical term or geographic name |
Denmark | Postal Markings | Catalogs and Price Lists | 1851-1871 | 19th Century | Post Offices | Mobile Post Offices | Railway Mail | Shipping Companies and Packet Service | Maritime Mail | Military Mail | Postal History | Germany | Schleswig-Holstein (1850-1868) |
| 700 ## - SECONDARY AUTHOR, EDITOR OR ILLUSTRATOR |
| Personal Name |
Tuffs, V. |